Tlaxcala in the Sixteenth Century /

"Apoyado en el manejo inteligente de datos obtenidos de fuentes documentales de primer orden, el autor reconstruye desde su origen y hasta finales del siglo XVI la vida social, política y cultural de Tlaxcala."

Guardado en:
Detalles Bibliográficos
Autor principal: Gibson, Charles (autor)
Formato: Libro
Idioma:Inglés
Edición:2a edición
Temas:
Etiquetas: Agrega una etiqueta
Sin etiquetas, Sé el primero en etiquetar este registro!

MARC

LEADER 00000nam^a2200000^a^4500
001 000129687
005 20250521000000.0
009 20260310094920.367
037 |a Acervo ITESO - Biblioteca 
041 |a ING 
082 |a 972. 4703  |b GIB 
100 |a Gibson, Charles  |e (autor) 
245 1 0 |a Tlaxcala in the Sixteenth Century /  |c C. Gibson. 
250 |a 2a edición 
264 |a Stanford, EUA :  |b Stanford University,  |c 1967 
300 |a 300 p. 
336 |a texto  |b txt  |2 rdacontenido 
337 |a sin mediación  |b n  |2 rdamedio 
338 |a volumen  |b nc  |2 rdasoporte 
520 |a "Apoyado en el manejo inteligente de datos obtenidos de fuentes documentales de primer orden, el autor reconstruye desde su origen y hasta finales del siglo XVI la vida social, política y cultural de Tlaxcala." 
649 |a XX 
650 |a México -  |x Historia -  |y Epoca Colonial, 1517-1821 
650 |a Tlaxcala -  |x Historia -  |y Siglo XVI 
650 |a Tlaxcaltecas 
650 |a Indígenas de México 
910 |a Fondo Salvador Reynoso Reynoso 
920 |a Impresos - Libros 
930 |a Fondos Especiales 
905 |a 112 
901 |a 0800011365  |b IT2  |c ESP  |u 20250521 
902 |a https://opac.biblio.iteso.mx/vufind/Record/000129687